000
00313nam a2200133Ia 4500
005
20260326100041.0
008
260326s9999||||xx |||||||||||||| ||und||
100
_a
Gombrich, Ernst H.
245
0
_a
Historia del Arte /
_c
Ernst H. Gombrich
260
_b
Alianza
300
_a
550 p.
650
_a
ARTE
942
_c
BK
999
_c
7002
_d
7002